March's advanced organic chemistry : (Record no. 23546)

MARC details
000 -LEADER
fixed length control field 02004cam a2200337 i 4500
001 - CONTROL NUMBER
control field 17449422
003 - CONTROL NUMBER IDENTIFIER
control field EG-ScBUE
005 - DATE AND TIME OF LATEST TRANSACTION
control field 20250817094935.0
008 - FIXED-LENGTH DATA ELEMENTS--GENERAL INFORMATION
fixed length control field 120831t2013 njua f b 001 0 eng d
020 ## - INTERNATIONAL STANDARD BOOK NUMBER
International Standard Book Number 9780470462591 (cloth)
020 ## - INTERNATIONAL STANDARD BOOK NUMBER
International Standard Book Number 0470462590 (cloth)
040 ## - CATALOGING SOURCE
Original cataloging agency DLC
Language of cataloging eng
Description conventions rda
Transcribing agency DLC
Modifying agency DLC
-- EG-ScBUE
082 04 - DEWEY DECIMAL CLASSIFICATION NUMBER
Classification number 547
Edition number 22
Item number SMI
100 1# - MAIN ENTRY--PERSONAL NAME
Personal name Smith, Michael Berry‏,
Relator term author.
9 (RLIN) 41353
245 10 - TITLE STATEMENT
Title March's advanced organic chemistry :
Remainder of title reactions, mechanisms, and structure /
Statement of responsibility, etc Michael B. Smith, professor of chemistry.
246 30 - VARYING FORM OF TITLE
Title proper/short title Advanced organic chemistry
250 ## - EDITION STATEMENT
Edition statement Seventh edition.
264 #1 - PUBLICATION, DISTRIBUTION, ETC. (IMPRINT)
Place of publication, distribution, etc Hoboken, New Jersey :
Name of publisher, distributor, etc Wiley,
Date of publication, distribution, etc [2013]
264 #4 - PUBLICATION, DISTRIBUTION, ETC. (IMPRINT)
Date of publication, distribution, etc c2013
300 ## - PHYSICAL DESCRIPTION
Extent xxv, 2047 pages :
Other physical details illustrations ;
Dimensions 26 cm
336 ## - CONTENT TYPE
Source rdacontent
Content type term text
Content type code txt
337 ## - MEDIA TYPE
Media type term unmediated
Source rdamedia
Media type code n
338 ## - CARRIER TYPE
Carrier type term volume
Carrier type code nc
Source rdacarrier
504 ## - BIBLIOGRAPHY, ETC. NOTE
Bibliography, etc Includes bibliographical references and index.
505 0# - FORMATTED CONTENTS NOTE
Formatted contents note Localized chemical bonding -- Delocalized chemical bonding -- Bonding weaker than covalent -- Stereochemistry and conformation -- Carbocations, carbanions, free radicals, carbenes, and nitrenes -- Mechanisms and methods of determining them -- Irradiation processes in organic chemistry -- Acids and bases -- Effects of structure and medium on reactivity -- Aliphatic substitution, nucleophilic and organometallic -- Aromatic substitution, electrophilic -- Aliphatic, alkenyl, and alkynyl substitution, electrophilic and organometallic -- Aromatic substitution, nucleophilic and organometallic -- Substitution reactions, radical -- Addition to carbon-carbon multiple bonds -- Addition to carbon-hetero multiple bonds -- Eliminations -- Rearrangements -- Oxidations and reductions -- Appendix A. The literature of organic chemistry -- Appendix B. Classification of reactions by type of compounds synthesized.
650 #7 - SUBJECT ADDED ENTRY--TOPICAL TERM
Topical term or geographic name as entry element Chemistry, Organic.
Source of heading or term BUEsh
9 (RLIN) 6234
651 ## - SUBJECT ADDED ENTRY--GEOGRAPHIC NAME
Source of heading or term BUEsh
653 ## - INDEX TERM--UNCONTROLLED
Resource For college Engineering, Chemical
Arrived date list December2016
655 ## - INDEX TERM--GENRE/FORM
Form subdivision Text book
9 (RLIN) 33728
942 ## - ADDED ENTRY ELEMENTS (KOHA)
Source of classification or shelving scheme Dewey Decimal Classification
Koha item type Book - Borrowing
Holdings
Withdrawn status Lost status Source of classification or shelving scheme Damaged status Not for loan Collection code Home library Current library Shelving location Date acquired Source of acquisition Cost, normal purchase price Total Checkouts Full call number Barcode Date last seen Koha item type
    Dewey Decimal Classification     Baccah Central Library Central Library First floor 12/12/2016 Purchase 1550.00   547 SMI 000045257 15/07/2025 NB - Book (Non borrowing)
    Dewey Decimal Classification     Baccah Central Library Central Library First floor 12/12/2016 Purchase 1550.00   547 SMI 000045258 15/07/2025 Book - Borrowing